LEADER 01238nam0 2200325 450 001 000021066 005 20080703132149.0 010 $a0-8476-7941-1 100 $a20080313d1995----km-y0itaa50------ba 101 0 $aeng 102 $aUS 200 1 $a<> Archaeology of Ancestors$eTomb Cult and Hero Cult in Early Greece$fCarla M. Antonaccio 210 $aMaryland$cRowman and Littlefield$dc1995 215 $aXIV, 295 p.$cill.$d24 cm 225 2 $aGreek Studies 410 1$12001$aGreek Studies 606 1 $aCulto degli antenati$yGrecia 676 $a292.213$v(21. ed.)$9Religione classica (Religione greca e romana). Oggetti di culto e venerazione. Persone 700 1$aAntonaccio,$bCarla M.$0443616 801 0$aIT$bUniversità della Basilicata - B.I.A.$gRICA$2unimarc 912 $a000021066 996 $aArchaeology of Ancestors$985398 997 $aUNIBAS BAS $aLETTERE CAT $aSTD052$b01$c20080313$lBAS01$h1230 CAT $aSTD052$b01$c20080313$lBAS01$h1231 CAT $aSTD052$b01$c20080529$lBAS01$h1130 CAT $aATR$b01$c20080703$lBAS01$h1321 FMT Z30 -1$lBAS01$LBAS01$mBOOK$1BASA4$APolo di Matera$2GEN$BCollezione generale$3MSR-O V-40$679877$5L79877$820080529$f02$FPrestabile Generale LEADER 01609nam 2200397Ia 450 001 996390570303316 005 20200824132039.0 035 $a(CKB)4940000000098412 035 $a(EEBO)2248502610 035 $a(OCoLC)ocm9638851e 035 $a(OCoLC)9638851 035 $a(EXLCZ)994940000000098412 100 $a19830623d1676 uy | 101 0 $alat 135 $aurbn||||a|bb| 200 10$aFrancisci Willughbeii de Midleton in agro Warwicensi armigeri e Regia Societate Ornothologiae$b[electronic resource] $elibri tres : in quibus aves omnes hactenus cognitae in methodum naturis suis convenientem redactae accurate? describuntur, descriptiones iconibus elegantissimis & vivarum avium simillimis, aeri incisis illustrantur /$ftotus opus recognovit, digessit, supplevit Joannes Raius ; sumptus in chalcographos fecit Emma Willughby 210 $aLondini $cImpensis Joannis Martyn$d1676 215 $a[8], 307, [5], LXXVII leaves of plates $cill 300 $aIncludes index. 300 $aReproduction of original in the Bodleian Library. 330 $aeebo-0014 606 $aBirds$vEarly works to 1800 606 $aFowling$vEarly works to 1800 606 $aFalconry 615 0$aBirds 615 0$aFowling 615 0$aFalconry. 700 $aWillughby$b Francis$f1635-1672.$01003155 701 $aRay$b John$f1627-1705.$0762103 801 0$bUMI 801 1$bUMI 801 2$bWaOLN 906 $aBOOK 912 $a996390570303316 996 $aFrancisci Willughbeii de Midleton in agro Warwicensi armigeri e Regia Societate Ornothologiae$92404080 997 $aUNISA LEADER 01229nam0 22002771i 450 001 UON00222118 005 20231205103419.750 010 $a88-06-06858-x 100 $a20030730d1963 |0itac50 ba 101 $aita 102 $aIT 105 $a|||| ||||| 200 1 $aCasa di bambola$fHenrik Ibsen 210 $aTorino$cGiulio Einaudi editore$dc1963. 90 p. ; 18 cm. Tit. orig.: Et Dukkehjem 215 $aTrad. di Anita Rho. 2 copie. 410 1$1001UON00173253$12001 $aCollezione di Teatro$1210 $aTorino$cEinaudi.$v29 620 $aIT$dTorino$3UONL000014 676 $a839.8$cAltre letterature germaniche: Danese, norvegese, neonorvegese.$v21 700 1$aIbsen$bHenrik$3UONV090477$0191887 712 $aEinaudi$3UONV246211$4650 801 $aIT$bSOL$c20260206$gRICA 912 $aUON00222118 950 $aSIBA - SISTEMA BIBLIOTECARIO DI ATENEO E ARCHIVIO STORICO$dSI 44 Teatro IBS 1 $eSI LO 33416 5 1 950 $aSIBA - SISTEMA BIBLIOTECARIO DI ATENEO E ARCHIVIO STORICO$dSI Teat Stanza 410 IBS bis $eSI LO 31018 6 bis 996 $aEt dukkehjem$915830 997 $aUNIOR